000 00439cam a22001577a 4500
005 20250901165807.0
008 110822s2011 ke 000 f swa
010 _a 2011343639
020 _a9789966344090
050 0 0 _aPL 8704 .M85 2011
100 1 _aMukuba, Sinjiri,
_d1975-2008.
245 1 0 _aTaswira za mawingu /
_cSinjiri Mukuba.
260 _aNairobi :
_bMoran (E.A.) Publishers,
_c2011.
300 _a254 p. ;
_c18 cm.
942 _2lcc
999 _c9318
_d9318